| 000 | 00804nam a2200193 i 4500 | ||
|---|---|---|---|
| 001 | 48199 | ||
| 003 | ES-MaACL | ||
| 005 | 20250809063455.0 | ||
| 007 | t| | ||
| 008 | 950707s1832 fr ||||1| fre d | ||
| 040 |
_aCAM _bspa _cCAM |
||
| 100 | 1 |
_aChateaubriand, François-René, _cvicomte de, _d1768-1848 _938177 |
|
| 245 | 1 | 0 |
_aCourtes explications sur les 12.000 francs offerts par Mme la Duchesse de Berry aux indigens attaqués de la contagion / _cpar M. de Chateaubriand. |
| 260 |
_aParis : _bLe Normand, _c1832. |
||
| 300 |
_a48 p. ; _c21 cm. |
||
| 600 | 1 | 7 |
_aBerry, Marie Caroline de Borbón-Sicilia, _cDuchesse de, _d1798-1870 _2 _9159365 |
| 852 |
_aES-MaACL _jG-10628(1) _z.- Donat. Angel Calderón de la Barca (Actas del Ateneo, junta 9 de abril de 1844) |
||
| 999 |
_c48199 _d48199 |
||